000 00501nam a2200193 a 4500
001 1765435095237
003 YourLibrary
005 20251213131027.0
008 251211s2006##################000#0#eng##
020 _a9780140447408
082 0 4 _a895.1348PU
100 1 _aSongling, Pu,
_eauthor.
245 1 0 _aStrange Tales from a Chinese Studio :
260 _bPenguin Classics,
_c2006.
300 _a680 pages
650 0 _aFiction.
942 _cENGLISH
040 _aYourLibrary
_beng
_cYourLibrary
999 _c602405
_d602405